00451nam a2200169 a 4500001001300000003000900013005001700022008004100039020002400080082001300104100002100117245005700138260002900195300000900224500003500233650001300268nice12345678IN_TiNIC20260116015342.0100209s2004 lona grp 000 0 eng  a9780826477828c120000a230bROW aRowell, Geoffrey aThe Gestures of Godb Explorations in Sacramentality aLondon bContinum c2004 a194p aincludes index and biblioraphy aTheology